Der eine und Dreifaltige Gott

Uloženo v:
Podrobná bibliografie
Hlavní autor: Scheffczyk, Leo (Autor)
Médium: Kniha
Jazyk:němčina
Vydáno: Mainz Matthias-Grünewald 1968
Edice:Unser Glaube Christliches Selbstverdtändnis Heute, 3
Témata:
Tagy: Přidat tag
Žádné tagy, Buďte první, kdo vytvoří štítek k tomuto záznamu!

MARC

LEADER 00000cam a2200000 a 4500
001 UCE6783
003 CL-VaPUC
008 150507e19680000gw |||||||||||||||||ger|d
082 0 4 |a 231  |b SCH  |2 21 
100 0 |a Scheffczyk, Leo  |e author  |9 579388 
245 1 4 |a Der eine und Dreifaltige Gott 
300 |a 140 p 
942 |c BK 
945 |d 20150507 00:22:00  |a cmena 
260 |a Mainz  |b Matthias-Grünewald  |c 1968 
650 0 |a Teología cristiana  |9 308336 
650 0 |a Verdad  |9 313815 
650 0 |a Dios   |9 266622 
583 |a last modification  |c 20150507 00:22:00  |k Rodrigo Vera 
490 0 |a Unser Glaube Christliches Selbstverdtändnis Heute, 3 
999 |c 358963  |d 358961 
952 |0 0  |1 0  |3 erb  |4 0  |6 231_000000000000000_SCH_1968  |7 0  |8 A  |9 467942  |a BIBTEO  |b BIBTEO  |e Casale Rolle, Carlos Ignacio, -2014  |i 5173337  |o 231 SCH 1968  |p 5173337  |r 2025-01-17  |w 2019-11-23  |y BK  |z Catalogado en:20150507  |k ICR